| 000 | 00751nam a2200205 4500 | ||
|---|---|---|---|
| 005 | 20251027102015.0 | ||
| 008 | 251027b |||||||| |||| 00| 0 eng d | ||
| 020 | _a9781541606340 | ||
| 082 | _aDC 943 R119 2023 | ||
| 100 |
_aRady, Martyn. _968974 |
||
| 245 |
_aThe middle kingdoms : _ba new history of central Europe / _cMartyn Rady. |
||
| 260 |
_aNew York : _bBasic books, _c© 2023. |
||
| 300 |
_axi, 617 pages : _billustrations ; _c21 cm. |
||
| 500 | _aIncludes index. | ||
| 650 | 0 |
_aEurope, Central _xHistory. _968975 |
|
| 650 | 0 |
_aEurope, Central _xCivilization. _968976 |
|
| 650 | 0 |
_aEurope, Central _xPolitics and government _xHistory, Military. _968977 |
|
| 650 | 0 |
_aEurope, Central _xForeign relations. _bEurope, Central _968979 |
|
| 942 |
_2ddc _cDC |
||
| 999 |
_c24100 _d24100 |
||